Sports Quiz

Random Sports or NHL Quiz
Score 0/20 Timer 05:00
0 Plays Today
Position Player % Correct
RWRick Nash
91.5%
GHenrik Lundqvist
90.9%
RDDan Girardi
87.3%
LWChris Kreider
86.7%
LDMarc Staal - 'A'
85.5%
LDRyan McDonagh
84.2%
CDerek Stepan
83%
LWCarl Hagelin
82.4%
RWRyan Callahan - 'C'
82.4%
CBrad Richards - 'A'
78.8%
Position Player % Correct
LWMarian Gaborik
74.5%
LDMichael Del Zotto
73.3%
GMartin Biron
71.5%
CBrian Boyle
69.1%
RDAnton Stralman
63%
RWArron Asham*
47.9%
RDStu Bickel
46.1%
LWMike Rupp
42.4%
RWTaylor Pyatt
41.2%
CJeff Halpern
30.9%

You're not logged in!

Compare scores with friends on all Sporcle quizzes.
OR
Log In

Sporcle TV

Today on Sporcle TV


Watch our educational content, quiz creation guides, and fun videos on Sporcle TV.

Show Comments

Extras

Top Quizzes Today


Score Distribution

Paid Content

Your Account Isn't Verified!

In order to create a playlist on Sporcle, you need to verify the email address you used during registration. Go to your Sporcle Settings to finish the process.

Report this User

Report this user for behavior that violates our Community Guidelines.

Details: